Schizophrenia and the family : a practitioner's guide to psychoeducation and management /

Bibliographic Details
Main Author: Anderson, Carol M., 1939-
Other Authors: Reiss, Douglas J., Hogarty, Gerard E.
Format: Book
Language:English
Published: New York : Guilford Press, [1986]
Subjects:

MARC

Tag First Indicator Second Indicator Subfields
LEADER 00000cam a2200000 a 4500
001 in00000012900
005 20151007052259.0
008 850715s1986 nyu b 00110 eng
010 |a  85017218  
020 |a 0898620651 
035 |a (OCoLC)12345244 
035 |9 AAA7098AM 
040 |a DLC  |c DLC  |d VET  |d m/c  |d UtOrBLW 
049 |a TXAM  |c [A11055780] 
050 0 0 |a RC514  |b .A646 1986 
082 0 |a 616.89/82  |2 19 
100 1 |a Anderson, Carol M.,  |d 1939- 
245 1 0 |a Schizophrenia and the family :  |b a practitioner's guide to psychoeducation and management /  |c Carol M. Anderson, Douglas J. Reiss, Gerard E. Hogarty. 
264 1 |a New York :  |b Guilford Press,  |c [1986] 
264 4 |c ©1986 
300 |a xii, 365 pages ;  |c 24 cm. 
336 |a text  |b txt  |2 rdacontent 
337 |a unmediated  |b n  |2 rdamedia 
338 |a volume  |b nc  |2 rdacarrier 
504 |a Bibliography: pages 341-350. 
504 |a "Books, articles, and pamphlets for relatives and new staff": pages 335- 337. 
500 |a Includes indexes. 
650 0 |a Schizophrenia. 
650 0 |a Family psychotherapy. 
700 1 |a Reiss, Douglas J. 
700 1 |a Hogarty, Gerard E. 
999 |a MARS 
999 f f |s bb86a78c-a9c8-3a56-a2cb-6f7f07ee4417  |i ca969a02-3aaf-34ab-87e4-346c66a5bc1d  |t 0 
952 f f |p ric  |a Texas A&M University  |b Rellis Campus  |c Joint Library Facility  |d Remote Storage  |t 0  |e RC514 A646 1986  |h Library of Congress classification  |i unmediated -- volume  |m A14811055780 
998 f f |a RC514 A646 1986  |t 0  |l Remote Storage